000 00332nam a22001097a 4500
003 SGT
082 _a 891.4309
_bT24S
100 _aशर्मा, यति
245 _aटू हैल विद लाइफ
260 _bओम पब्लिशर्स एंड डिस्ट्रीब्यूटर
942 _2ddc
_cBK
999 _c32059
_d32059